LEADER 01086nam0 2200277 450 001 000043450 005 20171027115734.0 010 $a978-88-204-5880-5 100 $a20171027d2013----km-y0itaa50------ba 101 0 $aita 102 $aIT 200 1 $a<> valutazione degli investimenti immobiliari$el'analisi del mercato, le tecniche di valutazione, il controllo del rischio$fBenedetto Manganelli 210 $aMilano$cAngeli$d2013 215 $a264 p.$d23 cm 225 2 $aEdilizia$v20 410 0$12001$aEdilizia$v20 606 1 $aInvestimenti immobiliari$xValutazione 676 $a332.6324$v(22. ed.)$9Economia finanziaria. Investimento. Beni immobili 700 1$aManganelli,$bBenedetto$0597724 801 0$aIT$bUniversità della Basilicata - B.I.A.$gREICAT$2unimarc 912 $a000043450 996 $aValutazione degli investimenti immobiliari$91532126 997 $aUNIBAS CAT $aTTM$b30$c20171027$lBAS01$h1157 FMT Z30 -1$lBAS01$LBAS01$mBOOK$1BASA2$APolo Tecnico-Scientifico$2DID$BDidattica$3PTS.d1.115352$6115352$5T115352$820171027$f98$FConsultazione